The Charter of Rights and Freedoms

Detalles Bibliográficos
Autor principal: Sharpe, Robert J.
Otros Autores: Roach, Kent
Formato: eBook
Lenguaje:inglés
Publicado: Toronto: Irwin Law Inc., 2013
Edición:Quinta Edicin̤
Materias:
Acceso en línea:Acceso restringido

MARC

LEADER 00000nam a22000007a 4500
005 20210903120829.0
007 cr|||| ||||
008 210903s2013 ca |||||s|||| 00||0 eng d
020 |a 978-1-55221-342-1 
035 |a 35298 
040 |a vLex 
090 |c 12233  |d 12233 
100 1 |a Sharpe, Robert J. 
245 1 3 |a The Charter of Rights and Freedoms  |h [Recurso electrn̤ico] /  |c Robert J. Sharpe, Kent Roach 
250 |a Quinta Edicin̤ 
256 |a Servicio en ln̕ea 
260 |a Toronto:  |b Irwin Law Inc.,  |c 2013 
300 |a 1 recurso electrn̤ico 
506 1 |a Disponible solo en los productos indicados  |d vLex Global  |d vLex Global (Academic Edition, excluding Law Schools)  |d vLex Global (U.S. Academic Edition, Law Schools)  |d vLex Global (U.S. Academic Edition, excluding Law Schools)  |d vLex Global (Academic Edition, Law Schools) 
650 0 4 |a Derecho Constitucional  |z Canad̀ 
700 1 |a Roach, Kent 
740 0 |a vLex Libros (Servicio en ln̕ea) 
856 4 0 |u https://app.vlex.com/#/sources/35298  |z Acceso restringido 
942 |c BOOK 
999 0 |a Constitutional right